000 00669nam a2200277Ia 4500
005 20260320195905.0
008 008 262003s9999 xx 000 0 hin d
020 _a9789381863749
037 _aEBOOK
040 _aCRL
040 _bhin
040 _cCRL
041 _2hin
041 _ahin
084 _qCRL
100 _aप्रेमचंद्र स्वर्णकार
_91133461
245 0 _aखतरनाक रोग
250 _a1st
260 _bRajkamal
260 _c2019
300 _a367
856 _uhttps://ebook.indiaread.in/pdfs/9789381863749.pdf
942 _cEBOOK
999 _c1717033
_d1717033